[Event "GER-chT U20"]
[Site "Borken"]
[Date "2016.12.28"]
[Round "4.6"]
[White "Van Lindt, Chiara"]
[Black "Nguyen Dang, Lukas"]
[Result "0-1"]
[WhiteElo "1533"]
[BlackElo "1734"]
[PlyCount "71"]
[EventDate "2016.12.27"]
[EventType "team-swiss"]
[EventRounds "7"]
[EventCountry "GER"]
[SourceTitle "EXT 2018"]
[Source "ChessBase"]
[SourceDate "2017.10.13"]
[SourceVersion "1"]
[SourceVersionDate "2017.10.13"]
[SourceQuality "1"]
[WhiteTeam "Muenster"]
[BlackTeam "Plauen Koenig"]
[WhiteTeamCountry "GER"]
[BlackTeamCountry "GER"]

1. Nf3 d5 2. g3 g6 3. Bg2 Bg7 4. 0-0 Nf6 5. d3 0-0 6. Nbd2 b6 7. c4 Bb7 8. cxd5 Bxd5 9. Nc4 Nbd7 10. Qc2 Bb7 11. b3 c5 12. Bb2 Qc7 13. Rfd1 Rac8 14. Rac1 Rfd8 15. Qd2 Nf8 16. b4 Ne6 17. bxc5 Nxc5 18. Rc2 Nfe4 19. Qc1 Nd6 20. Bxg7 Kxg7 21. Qb2+ Kg8 22. Rdc1 Nxc4 23. Rxc4 Qd6 24. d4 Qf6 25. Qb4 Ne4 26. e3 Rxc4 27. Qxc4 Rc8 28. Qf1 Nc3 29. Ne5 Ne2+ 30. Qxe2 Rxc1+ 31. Bf1 Qe6 32. Qb2 Qc8 33. Qb3 e6 34. Nd3 Rc2 35. Qb1 Qc6 36. Nf4 0-1

[Event "Muensterland Verbandsklasse 1617"]
[Site "Germany"]
[Date "2016.09.24"]
[Round "1.8"]
[White "Thomann, Henning"]
[Black "Van Lindt, Chiara"]
[Result "0-1"]
[WhiteElo "1288"]
[BlackElo "1473"]
[PlyCount "48"]
[EventDate "2016.09.24"]
[EventType "team"]
[EventRounds "9"]
[EventCountry "GER"]
[SourceTitle "EXT 2018"]
[Source "ChessBase"]
[SourceDate "2017.10.13"]
[SourceVersion "1"]
[SourceVersionDate "2017.10.13"]
[SourceQuality "1"]
[WhiteTeam "Neuenkirchen II"]
[BlackTeam "Muenster SK V"]
[WhiteTeamCountry "GER"]
[BlackTeamCountry "GER"]

1. d4 c6 2. Nf3 d5 3. Bf4 Nf6 4. c3 Qb6 5. Qc2 Bg4 6. Nbd2 e6 7. e3 c5 8. Be2 Nc6 9. 0-0 Be7 10. h3 Bf5 11. Qc1 Rc8 12. Nh4 Be4 13. f3 Bg6 14. Nxg6 hxg6 15. dxc5 Bxc5 16. Nb3 Nh5 17. Bg5 Ng3 18. Re1 Bd6 19. Qc2 Rh5 20. f4 Qxe3+ 21. Kh2 Rxg5 22. fxg5 Nxe2+ 23. Kh1 Qg3 24. Qxe2 Qh2# 0-1

[Event "Muensterland Verbandsliga 1516"]
[Site "Germany"]
[Date "2016.04.23"]
[Round "8.8"]
[White "Van Lindt, Chiara"]
[Black "Knop, Karin"]
[Result "1-0"]
[WhiteElo "1534"]
[BlackElo "1479"]
[PlyCount "69"]
[EventDate "2015.09.12"]
[EventType "team"]
[EventRounds "9"]
[EventCountry "GER"]
[SourceTitle "EXT 2017"]
[Source "ChessBase"]
[SourceDate "2016.10.25"]
[SourceVersion "1"]
[SourceVersionDate "2016.10.25"]
[SourceQuality "1"]
[WhiteTeam "Muenster SK V"]
[BlackTeam "Heiden"]
[WhiteTeamCountry "GER"]
[BlackTeamCountry "GER"]

1. Nf3 d5 2. g3 Nc6 3. Bg2 Nf6 4. 0-0 e5 5. d3 Be6 6. Nbd2 Qd7 7. Re1 0-0-0 8. a3 Be7 9. b4 a6 10. Rb1 b5 11. Bb2 d4 12. Qc1 Bd6 13. c3 dxc3 14. Qxc3 Nd5 15. Qc2 f6 16. Rec1 Nde7 17. Ne4 Kb8 18. Nfd2 Bd5 19. Nxf6 gxf6 20. Bxd5 Nxd5 21. Qxc6 Qxc6 22. Rxc6 Kb7 23. Rbc1 Rhf8 24. Ne4 Rf7 25. e3 h6 26. d4 Rdd7 27. dxe5 fxe5 28. R6c2 Nf6 29. Nc5+ Bxc5 30. Rxc5 e4 31. Be5 Ne8 32. Rc6 Nd6 33. Bf4 h5 34. R6c5 Rh7 35. Bxd6 1-0

[Event "GER-chT U20 Girls"]
[Site "Naumburg Saale"]
[Date "2014.12.29"]
[Round "6.2"]
[White "Reyher, Susan"]
[Black "Van Lindt, Chiara"]
[Result "1/2-1/2"]
[WhiteElo "1628"]
[BlackElo "1507"]
[PlyCount "68"]
[EventDate "2014.12.27"]
[EventType "team-swiss"]
[EventRounds "7"]
[EventCountry "GER"]
[SourceTitle "EXT 2016"]
[Source "ChessBase"]
[SourceDate "2015.10.08"]
[SourceVersion "1"]
[SourceVersionDate "2015.10.08"]
[SourceQuality "1"]
[WhiteTeam "Ruedersdorf"]
[BlackTeam "Muenster 32"]
[WhiteTeamCountry "GER"]
[BlackTeamCountry "GER"]

1. e4 c6 2. d4 d5 3. Nc3 dxe4 4. Nxe4 Nd7 5. Nf3 Ngf6 6. Ng3 Qc7 7. Bc4 e6 8. 0-0 Bd6 9. Re1 0-0 10. Ng5 Re8 11. Qf3 Nb6 12. Bb3 h6 13. Nh3 Qd8 14. Nf4 Nbd5 15. c3 Bc7 16. Nd3 a5 17. Ne5 a4 18. Bxd5 cxd5 19. Nh5 Bxe5 20. dxe5 Nxh5 21. Qxh5 Qe7 22. Qg4 Kh8 23. Re3 Rg8 24. Rh3 Kh7 25. Qh5 Qf8 26. Qf3 Bd7 27. Bd2 a3 28. bxa3 Rxa3 29. Bc1 Ra8 30. a3 Bc6 31. Rb1 Ra4 32. Rb4 Rxb4 33. axb4 Bd7 34. Qd3+ Kh8 1/2-1/2